Táncjáték Novák Ferencnek ; Bertók levele : [versek] /

Elmentve itt :
Bibliográfiai részletek
Szerző: Fodor András
Dokumentumtípus: Cikk
Megjelent: 1991
Sorozat:Tiszatáj 45 No. 10
Kulcsszavak:Magyar irodalom - vers - 1991
Online Access:http://tiszataj.bibl.u-szeged.hu/14775
LEADER 00611nab a2200181 i 4500
001 tisza14775
005 20200330153924.0
008 161215s1991 hu o 0|| hun d
022 |a 0133-1167 
040 |a SZTE Tiszatáj Archívum  |b hun 
041 |a hun 
100 1 |a Fodor András 
245 1 0 |a Táncjáték   |h [elektronikus dokumentum] :  |b Novák Ferencnek ; Bertók levele : [versek] /  |c  Fodor András 
260 |c 1991 
300 |a 21-22 
490 0 |a Tiszatáj  |v 45 No. 10 
695 |a Magyar irodalom - vers - 1991 
856 4 0 |u http://tiszataj.bibl.u-szeged.hu/14775/1/tiszataj_1991_010_021-022.pdf  |z Dokumentum-elérés